|
|
|
|
| LEADER |
00000nam a2200000 a 4500 |
| 001 |
vtls001386674 |
| 003 |
SK-MaSNL |
| 005 |
20260224065711.0 |
| 008 |
210928s1972 xx 0 und |
| 035 |
|
|
|a SNK000340842
|
| 040 |
|
|
|a SNK
|b slo
|c SNK
|e AACR2
|
| 245 |
1 |
|
|a 16-2-08 Umělecká řemesla
|b 16-2-08/3 Užitá malba v architektuře, propagaci a scénografii
|
| 260 |
|
|
|a Praha
|b Ministerstvo školství ČSR
|c 1972
|
| 300 |
|
|
|a 178 s.
|
| 958 |
|
|
|a OND
|
| 999 |
|
|
|c 895608
|d 897538
|
| 952 |
|
|
|t P60, <04>, [BOOK], {604}
|a SNK
|b SNK
|y VYP
|7 0
|p 17A0152161
|o snkIB 26878 D1
|0 0
|1 1
|4 0
|d 2000-04-08
|l 0
|r 2005-01-02 00:00:00
|w 2026-02-24
|
| 952 |
|
|
|t P60, <04>, [BOOK], {604}
|a SNK
|b SNK
|y VYP
|7 0
|p 17A0241407
|o snkIB 26878
|0 0
|1 0
|4 0
|d 2000-05-30
|l 0
|r 2005-01-02 00:00:00
|w 2026-02-24
|